UNCOVERING hidden harvest : valuation methods for woodland and forest resources

Bibliographic Details
Other Authors: Campbell, Luckert 1961-
Format: Book
Published: London : Earthscan , 2001
Series:People and plants conservation series
Subjects:

MARC

LEADER 00000cam a2200000 7i4500
001 0000002196
005 20030322.0
020 0 0 |a 1853838098 
090 0 0 |a 634.98   |b UNC 2001 
245 0 0 |a UNCOVERING hidden harvest :   |b valuation methods for woodland and forest resources   |c edited by Bruce M. Campbell and Martin K. Luckert 
260 0 0 |a London :   |b Earthscan ,   |c 2001 
300 |a xii, 262 p. :   |b ill. ;   |c 24 cm. 
440 0 0 |a People and plants conservation series 
500 0 0 |a Includes bibliography : p. 241-253 and index 
650 0 0 |a Forest products   |x Economic aspects 
650 0 0 |a Forests and forestry   |x Economic aspects 
700 0 1 |a Campbell   |h Bruce M. 
700 0 1 |a Luckert   |h Martin Karl ,   |d 1961- 
998 |a JPSM 
999 |a 0000003718   |b Monograph   |c Open Shelf   |e Default branch